[Event "Aragon-chT Preferente A"]
[Site "Aragon"]
[Date "2015.02.28"]
[Round "6.45"]
[White "Naya Sancho, Juan Manuel"]
[Black "Guetas Sanchez, Hugo"]
[Result "1/2-1/2"]
[WhiteElo "1889"]
[BlackElo "2173"]
[PlyCount "40"]
[EventDate "2015.01.24"]
[EventType "team-tourn"]
[EventRounds "11"]
[EventCountry "ESP"]
[SourceTitle "EXT 2017"]
[Source "ChessBase"]
[SourceDate "2016.10.25"]
[SourceVersion "1"]
[SourceVersionDate "2016.10.25"]
[SourceQuality "1"]
[WhiteTeam "Delicias II"]
[BlackTeam "La Aurora Estadilla II"]
[WhiteTeamCountry "ESP"]
[BlackTeamCountry "ESP"]

1. c4 c6 2. e4 g6 3. Nc3 Bg7 4. d4 c5 5. Nge2 cxd4 6. Nxd4 Nc6 7. Be3 d6 8. Qd2 Nf6 9. h3 0-0 10. Be2 Bd7 11. 0-0 Nxd4 12. Bxd4 Bc6 13. Qd3 Nd7 14. Bxg7 Kxg7 15. Qd4+ Kg8 16. Rfd1 a5 17. Bg4 Ne5 18. Be2 Nd7 19. Bg4 Ne5 20. Be2 Nd7 1/2-1/2

[Event "Aragon-chT Honor GrA"]
[Site "Aragon"]
[Date "2014.02.08"]
[Round "3.9"]
[White "Guetas Sanchez, Hugo"]
[Black "Villuendas Valero, Adrian"]
[Result "0-1"]
[WhiteElo "2154"]
[BlackElo "2276"]
[PlyCount "97"]
[EventDate "2014.01.25"]
[EventType "team-tourn"]
[EventRounds "7"]
[EventCountry "ESP"]
[SourceTitle "EXT 2015"]
[Source "ChessBase"]
[SourceDate "2014.11.20"]
[SourceVersion "1"]
[SourceVersionDate "2014.11.20"]
[SourceQuality "1"]
[WhiteTeam "La Aurora Estadilla"]
[BlackTeam "St Casablanca II"]
[WhiteTeamCountry "ESP"]
[BlackTeamCountry "ESP"]

1. e4 e6 2. b3 d5 3. Bb2 dxe4 4. Nc3 Nf6 5. g4 h6 6. Bg2 Nc6 7. Nxe4 Nxe4 8. Bxe4 Bd7 9. Qf3 Qe7 10. 0-0-0 0-0-0 11. Kb1 h5 12. h3 hxg4 13. hxg4 Rxh1 14. Qxh1 Qg5 15. Nf3 Qb5 16. Nd4 Nxd4 17. Bxd4 Kb8 18. c4 Qa6 19. Qh4 f6 20. Bc3 Qd6 21. Qh1 Bc8 22. Qf3 e5 23. Rh1 Qe6 24. Bf5 Qg8 25. Bh7 Qe6 26. Bf5 Qg8 27. Qe4 Bc5 28. f3 Bd4 29. Bxc8 Kxc8 30. Qf5+ Kb8 31. Qg6 Bxc3 32. dxc3 a6 33. Rh7 Rd1+ 34. Kc2 Qd8 35. Rh2 Ra1 36. Kb2 Qd1 37. Rc2 Rb1+ 38. Ka3 Qd6+ 39. Ka4 Qd7+ 40. Ka3 Qe7+ 41. Ka4 Ka7 42. Rd2 Ra1 43. Qe4 Qc5 44. b4 Qe7 45. Qe3+ Kb8 46. Rh2 Rd1 47. Rh8+ Rd8 48. Rxd8+ Qxd8 49. Ka3 0-1

[Event "Badalona op-A 39th"]
[Site "Badalona"]
[Date "2013.08.02"]
[Round "1"]
[White "Guetas Sanchez, Hugo"]
[Black "Munoz Pantoja, Miguel Angel"]
[Result "0-1"]
[WhiteElo "2177"]
[BlackElo "2456"]
[PlyCount "71"]
[EventDate "2013.08.02"]
[EventType "swiss"]
[EventRounds "9"]
[EventCountry "ESP"]
[SourceTitle "CBM 155 Extra"]
[Source "ChessBase"]
[SourceDate "2013.08.26"]
[SourceVersion "1"]
[SourceVersionDate "2013.08.26"]
[SourceQuality "1"]

1. d4 c5 2. c3 Nf6 3. Bf4 Qb6 4. Qc1 Nc6 5. e3 d5 6. Bd3 cxd4 7. exd4 Bg4 8. Na3 Rc8 9. Qd2 e6 10. f3 Bh5 11. Ne2 Bg6 12. Rb1 Be7 13. Nc2 0-0 14. b4 Na5 15. Ne3 Bxd3 16. Qxd3 Nc4 17. 0-0 Bd6 18. Bg5 Nxe3 19. Bxe3 Qc7 20. Kf2 Nd7 21. g3 Nb6 22. Kg2 a6 23. h4 Qc4 24. Qd2 Na4 25. Rb3 Rfe8 26. f4 Nb6 27. Nc1 Nd7 28. Nd3 Nf6 29. Nf2 Re7 30. g4 Rec7 31. g5 Ne4 32. Nxe4 dxe4 33. f5 exf5 34. Rxf5 Qe6 35. Qf2 g6 36. d5 0-1

[Event "Aragon-chT Honor Titulo"]
[Site "Aragon"]
[Date "2013.04.06"]
[Round "10.13"]
[White "Guetas Sanchez, Hugo"]
[Black "Cifuentes Parada, Roberto"]
[Result "0-1"]
[WhiteElo "2163"]
[BlackElo "2473"]
[PlyCount "39"]
[EventDate "2013.01.26"]
[EventType "team"]
[EventRounds "11"]
[EventCountry "ESP"]
[SourceTitle "EXT 2014"]
[Source "ChessBase"]
[SourceDate "2013.11.20"]
[SourceVersion "1"]
[SourceVersionDate "2013.11.20"]
[SourceQuality "1"]
[WhiteTeam "La Aurora Estadilla"]
[BlackTeam "Casino Jaque"]
[WhiteTeamCountry "ESP"]
[BlackTeamCountry "ESP"]

1. d4 d5 2. Nc3 c5 3. e4 dxe4 4. Bb5+ Bd7 5. dxc5 Nf6 6. Bf4 Qa5 7. Qe2 e6 8. Bxb8 Rxb8 9. Bxd7+ Nxd7 10. Qxe4 Bxc5 11. Rd1 Nf6 12. Qa4+ Qxa4 13. Nxa4 Bb4+ 14. c3 Be7 15. c4 Rc8 16. b3 a6 17. Ke2 b5 18. cxb5 axb5 19. Nb2 Ne4 20. Nd3 0-1

[Event "Aragon-chT Honor GrB"]
[Site "Aragon"]
[Date "2013.01.26"]
[Round "1.30"]
[White "Trigo Conde, Isaac"]
[Black "Guetas Sanchez, Hugo"]
[Result "1/2-1/2"]
[WhiteElo "2270"]
[BlackElo "2163"]
[PlyCount "191"]
[EventDate "2013.01.26"]
[EventType "team"]
[EventRounds "7"]
[EventCountry "ESP"]
[SourceTitle "EXT 2014"]
[Source "ChessBase"]
[SourceDate "2013.11.20"]
[SourceVersion "1"]
[SourceVersionDate "2013.11.20"]
[SourceQuality "1"]
[WhiteTeam "Actur Rey Fernando"]
[BlackTeam "La Aurora Estadilla"]
[WhiteTeamCountry "ESP"]
[BlackTeamCountry "ESP"]

1. c4 c6 2. g3 d5 3. Bg2 e6 4. Nf3 f5 5. 0-0 Nf6 6. d3 Bd6 7. Nc3 d4 8. Nxd4 Bxg3 9. fxg3 Qxd4+ 10. e3 Qd6 11. d4 0-0 12. b3 Na6 13. Bb2 Ng4 14. Qf3 e5 15. dxe5 Qh6 16. h3 Nxe5 17. Qf4 Qxf4 18. exf4 Nd3 19. Ba3 Rd8 20. Rad1 Be6 21. Nd5 cxd5 22. Rxd3 dxc4 23. Rxd8+ Rxd8 24. Bxb7 Nc7 25. bxc4 Rd2 26. Re1 Rd3 27. Bc5 Rxg3+ 28. Kf2 Rc3 29. Bxa7 Rxc4 30. Kg3 Rc3+ 31. Kh4 Bxa2 32. Bd4 Rc4 33. Be5 Kf7 34. Ra1 Rc2 35. Rxa2 Rxa2 36. Bxc7 Ra7 37. Bd5+ Kg6 38. Be5 Ra3 39. Bc6 Kf7 40. Bd7 g6 41. Bb5 Ke7 42. Bc4 Ra4 43. Bb3 Ra3 44. Bd5 Rd3 45. Bc4 Ra3 46. Bf1 Rf3 47. Bg2 Re3 48. Bd4 Rd3 49. Bc5+ Kf6 50. Bb6 h6 51. Bf1 g5+ 52. Kh5 Rf3 53. Bd4+ Ke7 54. Bc5+ Kf6 55. Bd4+ Ke7 56. Bc5+ Kf7 57. Bc4+ Kg7 58. h4 Rxf4 59. hxg5 Rxc4 60. gxh6+ Kh7 61. Be7 Rg4 62. Bg5 Rg2 63. Bf4 Kg8 64. Be5 Rg4 65. Bf6 Kh7 66. Bg5 Re4 67. Bd2 Re2 68. Bc1 Rc2 69. Be3 Rc3 70. Bf4 Rc5 71. Kg5 Rb5 72. Bd2 Rd5 73. Bc1 Rc5 74. Be3 Rb5 75. Bd2 f4+ 76. Kxf4 Kxh6 77. Ke4+ Kg6 78. Bc3 Kf7 79. Be5 Ke6 80. Bc3 Rh5 81. Bd2 Rh4+ 82. Bf4 Kf6 83. Kf3 Kf5 84. Bg3 Rh3 85. Kg2 Kg4 86. Bf2 Ra3 87. Bc5 Ra2+ 88. Kh1 Kg3 89. Bb6 Rc2 90. Bd4 Rc1+ 91. Bg1 Kf3 92. Kh2 Rc2+ 93. Kh1 Kg3 94. Bd4 Re2 95. Bc5 Rc2 96. Bd4 1/2-1/2

[Event "Aragon-chT Preferente"]
[Site "Spain"]
[Date "2010.03.06"]
[Round "7.50"]
[White "Guetas Sanchez, Hugo"]
[Black "Latorre Abad, Fernando"]
[Result "1/2-1/2"]
[WhiteElo "2159"]
[BlackElo "2067"]
[PlyCount "146"]
[EventDate "2010.01.23"]
[EventType "team-swiss"]
[EventRounds "12"]
[EventCountry "ESP"]
[SourceTitle "EXT 2013"]
[Source "ChessBase"]
[SourceDate "2012.11.22"]
[SourceVersion "1"]
[SourceVersionDate "2012.11.22"]
[SourceQuality "1"]
[WhiteTeam "Barbastro"]
[BlackTeam "Aragon ONCE"]
[WhiteTeamCountry "ESP"]
[BlackTeamCountry "ESP"]

1. e4 c5 2. Nc3 Nc6 3. g3 g6 4. Bg2 Bg7 5. d3 d6 6. Be3 b6 7. Qd2 Bb7 8. Nge2 Qd7 9. h4 Nd4 10. Nd1 e6 11. c3 Nxe2 12. Qxe2 Nf6 13. 0-0 0-0 14. f4 Nh5 15. Kh2 f5 16. Nf2 Rae8 17. d4 cxd4 18. cxd4 e5 19. dxe5 dxe5 20. Rad1 Qe7 21. Qc4+ Kh8 22. exf5 Bxg2 23. Kxg2 exf4 24. Bxf4 Nxf4+ 25. Qxf4 Rxf5 26. Qd2 Qb7+ 27. Kh2 Ref8 28. Qe2 Qf7 29. Kg2 Qxa2 30. Nd3 Qd5+ 31. Kh2 Rxf1 32. Rxf1 Rxf1 33. Qxf1 a5 34. Qf4 h6 35. Qe3 Qd4 36. Qe2 Kh7 37. Kh3 h5 38. b3 Qc3 39. Qd1 Qa1 40. Qf3 Qf6 41. Nf4 Qf5+ 42. Kh2 b5 43. Qc6 Kh6 44. Nh3 Bd4 45. Qc1+ Kg7 46. Qc7+ Qf7 47. Qd6 Bf6 48. Nf4 Kh7 49. Qc5 Qxb3 50. Qc7+ Kh6 51. Qxa5 Qd1 52. Qxb5 Qd2+ 53. Kh3 Qe1 54. Qc6 Qe5 55. Qc2 Qf5+ 56. Qxf5 gxf5 57. Kg2 Be5 58. Kf3 Bd4 59. Nd5 Kg6 60. Kf4 Bf2 61. Ne7+ Kf6 62. Nxf5 Kg6 63. Ne7+ Kf6 64. Nd5+ Kg6 65. Nc3 Be1 66. Ne2 Kf6 67. Ke4 Kg6 68. Ke5 Bf2 69. Ke6 Be1 70. Ke5 Bf2 71. Kf4 Kf6 72. Nc3 Be1 73. Ne2 Bf2 1/2-1/2

[Event "Aragon-chT Preferente"]
[Site "Spain"]
[Date "2010.02.20"]
[Round "5.25"]
[White "Gavin Roche, Enrique"]
[Black "Guetas Sanchez, Hugo"]
[Result "1-0"]
[WhiteElo "2261"]
[BlackElo "2159"]
[PlyCount "45"]
[EventDate "2010.01.23"]
[EventType "team-swiss"]
[EventRounds "12"]
[EventCountry "ESP"]
[SourceTitle "EXT 2013"]
[Source "ChessBase"]
[SourceDate "2012.11.22"]
[SourceVersion "1"]
[SourceVersionDate "2012.11.22"]
[SourceQuality "1"]
[WhiteTeam "Aragon"]
[BlackTeam "Barbastro"]
[WhiteTeamCountry "ESP"]
[BlackTeamCountry "ESP"]

1. d4 Nf6 2. c4 Nc6 3. Nf3 e6 4. Nc3 Bb4 5. Bd2 0-0 6. a3 Bxc3 7. Bxc3 d6 8. b4 Ne4 9. Bb2 e5 10. dxe5 Re8 11. b5 Na5 12. Qd4 Bf5 13. exd6 Nf6 14. Qc5 Bd3 15. dxc7 Qc8 16. Nd2 b6 17. Qd4 Bf5 18. g4 Bxg4 19. Rg1 Qf5 20. f3 Nb3 21. Nxb3 Qxf3 22. 0-0-0 Qxb3 23. Rxg4 1-0

[Event "Aragon-chT"]
[Site "Aragon"]
[Date "2008.02.09"]
[Round "2"]
[White "Del Rey, Diego"]
[Black "Guetas Sanchez, Hugo"]
[Result "0-1"]
[WhiteElo "2382"]
[BlackElo "2159"]
[PlyCount "78"]
[EventDate "2008.02.02"]
[EventType "team-swiss"]
[EventRounds "12"]
[EventCountry "ESP"]
[SourceTitle "EXT 2011"]
[Source "ChessBase"]
[SourceDate "2010.11.26"]
[SourceVersion "1"]
[SourceVersionDate "2010.11.26"]
[SourceQuality "1"]

1. d4 Nf6 2. Nf3 e6 3. c4 Nc6 4. Bg5 Bb4+ 5. Nbd2 h6 6. Bxf6 Qxf6 7. a3 Bxd2+ 8. Qxd2 e5 9. d5 Ne7 10. e4 d6 11. c5 0-0 12. Rc1 Qg6 13. Qe3 f5 14. cxd6 cxd6 15. Nd2 fxe4 16. g3 Kh8 17. Bg2 Nxd5 18. Qxe4 Qf7 19. 0-0 Nf6 20. Qb4 d5 21. Qd6 Re8 22. Rfe1 e4 23. f3 Bf5 24. Rc7 Qg6 25. fxe4 Rad8 26. Qf4 dxe4 27. Rxb7 Nd5 28. Qf1 Qc6 29. Qb5 Qc2 30. Nf1 e3 31. Qe2 Qxe2 32. Rxe2 Bd3 33. Re1 e2 34. Nd2 Ne3 35. Bc6 Re6 36. Ba4 Ba6 37. Rd7 Rxd7 38. Bxd7 Rd6 39. Bc8 Nc2 0-1

[Event "La Roda op 34th"]
[Site "La Roda"]
[Date "2007.04.05"]
[Round "2"]
[White "Fernandez Romero, Ernesto"]
[Black "Guetas Sanchez, Hugo"]
[Result "1-0"]
[WhiteElo "2437"]
[BlackElo "2135"]
[PlyCount "77"]
[EventDate "2007.04.04"]
[EventType "swiss"]
[EventRounds "9"]
[EventCountry "ESP"]
[SourceTitle "CBM 117 Extra"]
[Source "ChessBase"]
[SourceDate "2007.05.09"]
[SourceVersion "1"]
[SourceVersionDate "2007.05.09"]
[SourceQuality "1"]

1. e4 d5 2. exd5 Nf6 3. Nf3 Qxd5 4. Nc3 Qa5 5. d4 Ne4 6. Bd2 Nxd2 7. Qxd2 e6 8. Bd3 Bb4 9. 0-0 0-0 10. Rfe1 Nc6 11. Qf4 h6 12. Re3 f6 13. Nb5 Rf7 14. c3 Bf8 15. b4 Qb6 16. a4 a5 17. bxa5 Nxa5 18. Qg4 c6 19. Qg6 f5 20. Rxe6 Bxe6 21. Qxe6 Qd8 22. Ne5 Qf6 23. Qxf7+ Qxf7 24. Nxf7 Kxf7 25. Na3 Kf6 26. Nc2 c5 27. Rb1 g6 28. Rb6+ Kg7 29. g3 Rc8 30. Rb5 cxd4 31. Nxd4 Rxc3 32. Bxf5 gxf5 33. Rxa5 Kg6 34. Rxf5 Bc5 35. Rf4 Ra3 36. Nf3 Bd6 37. Nh4+ Kg5 38. Rf5+ Kg4 39. Kg2 1-0

[Event "Aragon-chT Autonomico"]
[Site "Aragon"]
[Date "2007.02.03"]
[Round "2"]
[White "Guetas Sanchez, Hugo"]
[Black "Labrador Postigo, Francisco Manuel"]
[Result "1-0"]
[WhiteElo "2085"]
[BlackElo "2005"]
[PlyCount "35"]
[EventDate "2007.01.27"]
[EventType "team"]
[EventRounds "9"]
[EventCountry "ESP"]
[SourceTitle "EXT 2008"]
[Source "ChessBase"]
[SourceDate "2007.11.25"]
[SourceVersion "1"]
[SourceVersionDate "2007.11.25"]
[SourceQuality "1"]
[WhiteTeam "Barbastro"]
[BlackTeam "CAI Olivar III"]
[WhiteTeamCountry "ESP"]
[BlackTeamCountry "ESP"]

1. e4 c5 2. Nc3 Nc6 3. g3 d6 4. Bg2 Nf6 5. Nge2 e6 6. d4 cxd4 7. Nxd4 Bd7 8. 0-0 Be7 9. Bg5 Nxd4 10. Qxd4 Qb6 11. Qd3 0-0 12. e5 Qxb2 13. exf6 gxf6 14. Rab1 Qa3 15. Bc1 Qa5 16. Rxb7 Rac8 17. Bd2 Rfd8 18. Nd5 1-0

[Event "Cullera op-A"]
[Site "Cullera"]
[Date "2006.07.25"]
[Round "5"]
[White "Guetas Sanchez, Hugo"]
[Black "Gonzalez Aguirre, Luis"]
[Result "1-0"]
[WhiteElo "2097"]
[BlackElo "2217"]
[PlyCount "77"]
[EventDate "2006.07.20"]
[EventType "swiss"]
[EventRounds "9"]
[EventCountry "ESP"]
[SourceTitle "EXT 2007"]
[Source "ChessBase"]
[SourceDate "2006.11.23"]
[SourceVersion "1"]
[SourceVersionDate "2006.11.23"]
[SourceQuality "1"]

1. Nf3 Nf6 2. g3 d5 3. Bg2 c6 4. 0-0 Bf5 5. d3 h6 6. Nbd2 e6 7. Qe1 Be7 8. e4 Bh7 9. Ne5 a5 10. f4 Qc7 11. Kh1 Na6 12. a3 a4 13. b4 axb3 14. Nxb3 0-0 15. Bb2 Nc5 16. Nxc5 Bxc5 17. Qc3 Qa5 18. Qb3 dxe4 19. f5 Bxf5 20. g4 Nxg4 21. dxe4 Nxe5 22. exf5 Ng4 23. Qg3 h5 24. h3 Qb6 25. Rab1 Bf2 26. Qf3 Bd4 27. Bxd4 Qxd4 28. Rb4 Qe5 29. hxg4 hxg4 30. Qxg4 exf5 31. Rxf5 Qe1+ 32. Kh2 Rxa3 33. Rg5 Qa1 34. Rd4 Kh8 35. Qh5+ Kg8 36. Rh4 f5 37. Qh8+ Kf7 38. Rxf5+ Ke6 39. Qxf8 1-0